| 000 | 01506cam a2200349 a 4500 | ||
|---|---|---|---|
| 001 | 15737923 | ||
| 005 | 20100104120912.0 | ||
| 008 | 090514s2010 flua |rb 001 0 eng | ||
| 010 | _a 2009019804 | ||
| 015 |
_aGBA952708 _2bnb |
||
| 016 | 7 |
_a015266706 _2Uk |
|
| 020 | _a9781439803691 (hc : alk. paper) | ||
| 020 | _a1439803692 (hc : alk. paper) | ||
| 035 | _a(OCoLC)ocn262430622 | ||
| 040 |
_aDLC _cDLC _dBTCTA _dYDXCP _dUKM _dC#P _dCDX _dBWX _dDLC |
||
| 050 | 0 | 0 |
_aQA76.623 _b.I223 2010 |
| 082 | 0 | 0 |
_a006.31 _222 _bIBA |
| 100 | 1 |
_aIba, Hitoshi. _911757 |
|
| 245 | 1 | 0 |
_aApplied Genetic Programming and Machine Learning / _cHitoshi Iba, Topon Kumar Paul, Yoshihiko Hasegawa. |
| 260 |
_aBoca Raton : _bCRC Press, 2010 _cc2010. |
||
| 300 |
_axxvi, 327 p. : _bill. ; _c25 cm. |
||
| 490 | 1 | _aThe CRC Press international series on computational intelligence | |
| 504 | _aIncludes bibliographical references and (p. 293-319) index. | ||
| 650 | 0 |
_aGenetic programming (Computer science) _911758 |
|
| 650 | 0 |
_aMachine learning. _911759 |
|
| 700 | 1 |
_aPaul, Topon Kumar. _911760 |
|
| 700 | 1 |
_aHasegawa, Yoshihiko. _911761 |
|
| 830 | 0 |
_aCRC Press international series on computational intelligence. _911762 |
|
| 942 |
_2ddc _cBB |
||
| 999 |
_c13480 _d13480 |
||